[Event "HUN-chT 9596"]
[Site "Hungary"]
[Date "1995.??.??"]
[Round "4"]
[White "Nagy, Ervinne"]
[Black "Medvegy, Zoltan"]
[Result "0-1"]
[WhiteElo "2040"]
[BlackElo "2125"]
[PlyCount "130"]
[EventDate "1995.??.??"]
[EventType "team"]
[EventRounds "13"]
[EventCountry "HUN"]
[SourceTitle "EXT 2000"]
[Source "ChessBase"]
[SourceDate "1999.11.16"]
[SourceVersion "1"]
[SourceVersionDate "1999.11.16"]
[SourceQuality "1"]

1. e4 c5 2. Nf3 e6 3. d4 cxd4 4. Nxd4 Nf6 5. Nc3 Nc6 6. Ndb5 d6 7. Bg5 a6 8. Bxf6 gxf6 9. Nd4 Qb6 10. Nb3 Qc7 11. Qf3 Be7 12. 0-0-0 b5 13. Bd3 b4 14. Ne2 Bd7 15. Kb1 Ne5 16. Qg3 a5 17. f4 Nc4 18. Nbd4 a4 19. Bxc4 Qxc4 20. e5 0-0-0 21. Qg7 dxe5 22. fxe5 fxe5 23. Qxe5 f6 24. Qa5 Kb7 25. b3 Qc7 26. Qxc7+ Kxc7 27. Nf4 Rdg8 28. Ndxe6+ Bxe6 29. Nxe6+ Kc6 30. g3 Bd6 31. Rd4 Re8 32. Rc4+ Kb6 33. Nd4 Bc5 34. bxa4 Bxd4 35. Rxd4 Ka5 36. Rd5+ Kxa4 37. Rf1 Re5 38. Rxe5 fxe5 39. Re1 Re8 40. Re4 Kb5 41. Kb2 Kc5 42. Kb3 Kd5 43. Rxb4 Rc8 44. c3 Re8 45. Kc2 Rf8 46. Rh4 Rf2+ 47. Kd3 Rf3+ 48. Kd2 Rf2+ 49. Ke3 Rxa2 50. Rxh7 Rc2 51. Kd3 Rf2 52. c4+ Ke6 53. Rh6+ Kf5 54. Rh4 Rf3+ 55. Ke2 Ra3 56. Kd2 Ra2+ 57. Kc3 Ra1 58. c5 Rc1+ 59. Kb4 e4 60. Rh8 Ke5 61. Re8+ Kd4 62. Rd8+ Ke5 63. h4 e3 64. h5 Ke4 65. h6 e2 0-1

[Event "HUN-chT 9394"]
[Site "Hungary"]
[Date "1994.??.??"]
[Round "?"]
[White "Nagy, Ervinne"]
[Black "Glatt, Gabor"]
[Result "0-1"]
[WhiteElo "2040"]
[BlackElo "2295"]
[PlyCount "56"]
[EventDate "1993.??.??"]
[EventType "team"]
[EventRounds "13"]
[EventCountry "HUN"]
[SourceTitle "TD"]
[Source "ChessBase"]
[SourceDate "1994.03.01"]
[SourceVersion "1"]
[SourceVersionDate "1994.03.01"]
[SourceQuality "1"]

1. e4 Nf6 2. e5 Nd5 3. d4 d6 4. c4 Nb6 5. f4 Bf5 6. Nf3 e6 7. Nc3 Be7 8. Be3 0-0 9. Be2 f6 10. 0-0 fxe5 11. dxe5 Nc6 12. a3 dxe5 13. Nxe5 Nxe5 14. fxe5 Nd7 15. Bf4 Nc5 16. b4 Nd3 17. Bxd3 Bxd3 18. Rf3 Qd4+ 19. Kh1 Rad8 20. Qc1 Bxc4 21. h3 Rf7 22. Be3 Qxe5 23. Rxf7 Kxf7 24. Bf4 Qd4 25. Bxc7 Rc8 26. Qf4+ Bf6 27. Rd1 Qxf4 28. Bxf4 Bxc3 0-1

[Event "HUN-chT 9394"]
[Site "Hungary"]
[Date "1994.??.??"]
[Round "?"]
[White "Nagy, Ervinne"]
[Black "Sleisz, Tamas"]
[Result "0-1"]
[WhiteElo "2040"]
[BlackElo "2290"]
[PlyCount "68"]
[EventDate "1993.??.??"]
[EventType "team"]
[EventRounds "13"]
[EventCountry "HUN"]
[SourceTitle "TD"]
[Source "ChessBase"]
[SourceDate "1994.03.01"]
[SourceVersion "1"]
[SourceVersionDate "1994.03.01"]
[SourceQuality "1"]

1. e4 c5 2. Nf3 d6 3. d3 Nf6 4. g3 g6 5. Bg2 Bg7 6. 0-0 0-0 7. Re1 e5 8. Nc3 Be6 9. a4 Nc6 10. Ng5 h6 11. Nxe6 fxe6 12. Bh3 Qe7 13. Be3 Rf7 14. f4 Nh7 15. Qg4 Rf6 16. Rf1 h5 17. Qe2 exf4 18. gxf4 Nd4 19. Qg2 Kh8 20. Rac1 Bh6 21. Qd2 Raf8 22. Nb5 e5 23. Nc3 exf4 24. Bxd4 cxd4 25. Nd5 Qg7 26. Nxf6 Rxf6 27. Qb4 f3 28. Rcd1 Be3+ 29. Kh1 Ng5 30. Bc8 Qc7 31. Qxb7 Qxc2 32. Rg1 Bxg1 33. Rxg1 f2 34. Rf1 Qxd3 0-1

[Event "Budapest IM (Women)"]
[Site "Budapest"]
[Date "1991.??.??"]
[Round "5"]
[White "Atkins, Rita"]
[Black "Nagy, Ervinne"]
[Result "1-0"]
[WhiteElo "2200"]
[BlackElo "2140"]
[PlyCount "47"]
[EventDate "1991.??.??"]
[EventType "tourn"]
[EventRounds "11"]
[EventCountry "HUN"]
[SourceTitle "EXT 1997"]
[Source "ChessBase"]
[SourceDate "1996.11.15"]
[SourceVersion "1"]
[SourceVersionDate "1996.11.15"]
[SourceQuality "1"]

1. e4 e5 2. Nf3 Nc6 3. Nc3 Nf6 4. Bb5 a6 5. Bxc6 dxc6 6. Nxe5 Qe7 7. d4 c5 8. 0-0 b5 9. Bf4 Bb7 10. dxc5 Qxc5 11. Qe2 Be7 12. Rad1 0-0 13. Nd7 Nxd7 14. Rxd7 Rac8 15. Rfd1 Bg5 16. R7d5 Bxd5 17. Rxd5 Qb4 18. Rxg5 Qxb2 19. Rg3 Rfe8 20. h3 c6 21. e5 Qb4 22. Ne4 Kh8 23. Qg4 Rg8 24. Ng5 1-0

[Event "HUN-ch (Women)"]
[Site "Gyor"]
[Date "1990.??.??"]
[Round "4"]
[White "Nagy, Ervinne"]
[Black "Atkins, Rita"]
[Result "0-1"]
[WhiteElo "2220"]
[BlackElo "2185"]
[PlyCount "76"]
[EventDate "1990.??.??"]
[EventType "tourn"]
[EventRounds "11"]
[EventCountry "HUN"]
[SourceTitle "TD"]
[Source "ChessBase"]
[SourceDate "1994.03.01"]
[SourceVersion "1"]
[SourceVersionDate "1994.03.01"]
[SourceQuality "1"]

1. e4 c5 2. Nf3 Nc6 3. g3 g6 4. Bg2 Bg7 5. 0-0 e6 6. d3 Nge7 7. Nbd2 0-0 8. Re1 d6 9. Nf1 Rb8 10. h4 h6 11. N1h2 Kh7 12. c3 b6 13. Qd2 Bb7 14. Ng4 Ng8 15. Qe2 Qd7 16. Bh3 Ne5 17. Ngh2 f5 18. Bf4 Nxf3+ 19. Nxf3 Rbe8 20. e5 dxe5 21. Nxe5 Qd5 22. Kh2 Nf6 23. Rg1 Qd8 24. Rad1 Nd5 25. d4 cxd4 26. cxd4 Nxf4 27. gxf4 Bxe5 28. Qxe5 Qxh4 29. Rxg6 Qxf2+ 30. Rg2 Bxg2 31. Qc7+ Kg8 32. Rg1 Qxg1+ 33. Kxg1 Bxh3 34. Qxa7 Rf7 35. Qxb6 Rg7+ 36. Kh2 Bg2 37. a4 Bd5 38. b4 Rc8 0-1

[Event "HUN-ch (Women)"]
[Site "Gyor"]
[Date "1990.??.??"]
[Round "6"]
[White "Nagy, Ervinne"]
[Black "Derera, Mihalyne"]
[Result "1-0"]
[WhiteElo "2220"]
[BlackElo "2165"]
[PlyCount "99"]
[EventDate "1990.??.??"]
[EventType "tourn"]
[EventRounds "11"]
[EventCountry "HUN"]
[SourceTitle "TD"]
[Source "ChessBase"]
[SourceDate "1994.03.01"]
[SourceVersion "1"]
[SourceVersionDate "1994.03.01"]
[SourceQuality "1"]

1. e4 c5 2. Nf3 d6 3. g3 Nc6 4. Bg2 Nf6 5. d3 e5 6. c3 Be7 7. 0-0 Be6 8. Nbd2 Qc7 9. Re1 0-0 10. Nf1 Ne8 11. Ne3 Bf6 12. Nf5 Ne7 13. g4 Ng6 14. g5 Bd8 15. N3h4 Qd7 16. Be3 Nxh4 17. Nxh4 g6 18. d4 Bg4 19. f3 cxd4 20. cxd4 exd4 21. Qxd4 Bb6 22. Qd3 Bxe3+ 23. Rxe3 Bh3 24. f4 Bxg2 25. Nxg2 Ng7 26. Rd1 Rad8 27. Rh3 Qg4 28. Rh4 Qe6 29. Ne3 Rfe8 30. Ng4 Nh5 31. Nh6+ Kf8 32. f5 Qe5 33. Qb3 Re7 34. Rd5 Qg7 35. Rxh5 gxh5 36. f6 Qg6 37. fxe7+ Kxe7 38. Rf5 f6 39. Qxb7+ Rd7 40. Qd5 fxg5 41. Rxg5 Qxh6 42. Qg8 Qe6 43. Qxh7+ Kd8 44. Qh8+ Kc7 45. Rg8 Re7 46. Qc3+ Kb7 47. Qb4+ Kc6 48. Qa4+ Kb6 49. Rb8+ Kc5 50. Rb5+ 1-0

[Event "HUN-ch (Women)"]
[Site "Gyor"]
[Date "1990.??.??"]
[Round "10"]
[White "Nagy, Ervinne"]
[Black "Sziva, Erika"]
[Result "0-1"]
[WhiteElo "2220"]
[BlackElo "2260"]
[PlyCount "66"]
[EventDate "1990.??.??"]
[EventType "tourn"]
[EventRounds "11"]
[EventCountry "HUN"]
[SourceTitle "TD"]
[Source "ChessBase"]
[SourceDate "1994.03.01"]
[SourceVersion "1"]
[SourceVersionDate "1994.03.01"]
[SourceQuality "1"]

1. e4 c5 2. g3 Nc6 3. Bg2 g6 4. Nf3 Bg7 5. d3 e6 6. Nbd2 Nge7 7. 0-0 0-0 8. c3 b6 9. Re1 Bb7 10. Nf1 d5 11. e5 Rc8 12. Bf4 Qd7 13. Ne3 h5 14. g4 d4 15. Nc4 hxg4 16. Ng5 Nd5 17. Bg3 dxc3 18. Qxg4 cxb2 19. Qh4 Rfd8 20. Rab1 Qc7 21. Qh7+ Kf8 22. Nd6 Rxd6 23. exd6 Qd7 24. Rxb2 Nf6 25. Qh3 Re8 26. Rbe2 Nd4 27. Rd2 Bxg2 28. Kxg2 Nh5 29. Rh1 Bh6 30. Qh4 Qc6+ 31. Kh3 Qxh1 32. d7 Qf1+ 33. Kg4 f5# 0-1

[Event "HUN-ch (Women)"]
[Site "Gyor"]
[Date "1990.??.??"]
[Round "2"]
[White "Porubszky Angyalosine, Maria A"]
[Black "Nagy, Ervinne"]
[Result "1/2-1/2"]
[WhiteElo "2220"]
[BlackElo "2220"]
[PlyCount "44"]
[EventDate "1990.??.??"]
[EventType "tourn"]
[EventRounds "11"]
[EventCountry "HUN"]
[SourceTitle "TD"]
[Source "ChessBase"]
[SourceDate "1994.03.01"]
[SourceVersion "1"]
[SourceVersionDate "1994.03.01"]
[SourceQuality "1"]

1. Nf3 Nf6 2. b3 d6 3. d4 b6 4. Bb2 Bb7 5. e3 Nbd7 6. c4 g6 7. Be2 Bg7 8. 0-0 0-0 9. Nc3 c5 10. Rc1 a6 11. Qc2 Rc8 12. Qb1 e6 13. Rfd1 Qe7 14. h3 Rfd8 15. a3 d5 16. cxd5 Nxd5 17. Nxd5 Bxd5 18. Bxa6 Bxb3 19. Rd3 Ra8 20. Bb7 Rab8 21. Rxb3 Rxb7 22. Rb5 Ra7 1/2-1/2